Catalog

Record Details

Catalog Search



Mystery on Macaw Mountain / María José Fitzgerald.

Fitzgerald, María José,(author., Author, Author).

Available copies

  • 2 of 2 copies available at LARL/NWRL Consortium.
  • 2 of 2 copies available at Lake Agassiz Regional Library. (Show preferred library)

Current holds

0 current holds with 2 total copies.

Show Only Available Copies
Location Call Number / Copy Notes Barcode Shelving Location Status Due Date
Mahnomen Public Library J FIT (Text) 33500014392682 New Available -
McIntosh Public Library J FIT (Text) 33500014392690 New Available -

Record details

  • ISBN: 9780593488744
  • ISBN: 0593488741
  • ISBN: 9780593488751
  • ISBN: 059348875X
  • Physical Description: 263 pages ; 22 cm
  • Publisher: New York : Alfred A. Knopf, [2026]

Content descriptions

Summary, etc.:
"When eight endangered macaws are stolen from a ... Read More
Target Audience Note:
Ages 8-12 Alfred A. Knopf.
Subject: Macaws > Juvenile fiction.
Cousins > Juvenile fiction.
Copán Site (Honduras) > Juvenile fiction.
Honduras > Juvenile fiction.
Mystery and detective stories.
Macaws > Fiction.
Cousins > Fiction.
Copán Site (Honduras) > Fiction.
Honduras > Fiction.
JUVENILE FICTION / Mysteries & Detective Stories.
JUVENILE FICTION / People & Places / Caribbean & Latin America.
JUVENILE FICTION / Animals / Birds.
Genre: Detective and mystery fiction.
Novels.
LDR 03192cam a22006858i 4500
001486000
003LARL_NWRL_CONSORTIUM
00520260604205113.0
008250808s2026 nyu j 000 1 eng
007ta
010 . ‡a 2025018867
040 . ‡aDLC ‡beng ‡erda ‡cDLC ‡dOCLCO ‡dHBP ‡dOCLCO ‡dUAP ‡dIVJ ‡dJBI ‡dTOH ‡dOTP ‡dQ2V ‡dYBM ‡dOCLCO ‡dZGR
019 . ‡a1523845577
020 . ‡a9780593488744 ‡q(hardcover)
020 . ‡a0593488741 ‡q(hardcover)
020 . ‡a9780593488751 ‡q(library binding)
020 . ‡a059348875X ‡q(library binding)
020 . ‡z9780593488768 ‡q(ebook)
035 . ‡a(OCoLC)1523844151 ‡z(OCoLC)1523845577
042 . ‡apcc
043 . ‡ancho--- ‡0http://id.loc.gov/authorities/names/n79096785
08204. ‡aFITZG
1001 . ‡aFitzgerald, María José, ‡eauthor. ‡4aut ‡4http://id.loc.gov/vocabulary/relators/aut ‡1http://id.loc.gov/rwo/agents/n2022040862
24510. ‡aMystery on Macaw Mountain / ‡cMaría José Fitzgerald.
264 1. ‡aNew York : ‡bAlfred A. Knopf, ‡c[2026]
264 4. ‡c©2026
300 . ‡a263 pages ; ‡c22 cm
336 . ‡atext ‡btxt ‡2rdacontent
337 . ‡aunmediated ‡bn ‡2rdamedia
338 . ‡avolume ‡bnc ‡2rdacarrier
520 . ‡a"When eight endangered macaws are stolen from a bird sanctuary in the Mayan ruins of Copán, four sleuthing cousins must find out who took them -- and why"-- ‡cProvided by publisher.
521 . ‡aAges 8-12 ‡bAlfred A. Knopf.
650 0. ‡aMacaws ‡vJuvenile fiction.
650 0. ‡aCousins ‡vJuvenile fiction. ‡0(LARL_NWRL_CONSORTIUM)171698
651 0. ‡aCopán Site (Honduras) ‡vJuvenile fiction.
651 0. ‡aHonduras ‡vJuvenile fiction.
650 1. ‡aMystery and detective stories. ‡0(LARL_NWRL_CONSORTIUM)176113
650 1. ‡aMacaws ‡vFiction.
650 1. ‡aCousins ‡vFiction. ‡0(LARL_NWRL_CONSORTIUM)164249
651 1. ‡aCopán Site (Honduras) ‡xFiction.
651 1. ‡aHonduras ‡xFiction.
650 7. ‡aJUVENILE FICTION / Mysteries & Detective Stories. ‡2bisacsh
650 7. ‡aJUVENILE FICTION / People & Places / Caribbean & Latin America. ‡2bisacsh
650 7. ‡aJUVENILE FICTION / Animals / Birds. ‡2bisacsh
655 7. ‡aDetective and mystery fiction. ‡2lcgft
655 7. ‡aNovels. ‡2lcgft
758 . ‡1http://id.loc.gov/resources/instances/in00024297546
758 . ‡4http://id.loc.gov/ontologies/bibframe/instanceOf ‡1http://id.loc.gov/resources/works/in00024297546
77608. ‡iOnline version ‡4http://id.loc.gov/entities/relationships/onlineversion ‡aFitzgerald, María José ‡tMystery on macaw mountain ‡dNew York : Alfred A. Knopf, 2026 ‡z9780593488768 ‡w(DLC) 2025018868
884 . ‡aDLC bibframe2marc v2.10 ‡g20250808 ‡qDLC ‡uhttps://github.com/lcnetdev/bibframe2marc/releases/tag/v2.10
901 . ‡a486000 ‡bOCoLC ‡c486000 ‡tbiblio ‡sIngram On-Order

Additional Resources